[Event "Madrid-ch Seniors 50"]
[Site "Madrid"]
[Date "2022.04.05"]
[Round "7"]
[White "Mendez Martinez, Miguel Angel"]
[Black "Jimenez Ascarza, Jose Ignacio"]
[Result "1-0"]
[WhiteElo "1763"]
[BlackElo "1445"]
[PlyCount "87"]
[EventDate "2022.03.28"]
[EventType "swiss"]
[EventRounds "9"]
[EventCountry "ESP"]
[SourceTitle "EXT 2023"]
[Source "ChessBase"]
[SourceDate "2022.10.05"]
[SourceVersion "1"]
[SourceVersionDate "2022.10.05"]
[SourceQuality "1"]

1. c4 Nf6 2. d4 g6 3. Nc3 Bg7 4. g3 d6 5. Nf3 0-0 6. Bg2 Nbd7 7. 0-0 Re8 8. e4 e5 9. d5 a5 10. h3 Nc5 11. Qc2 Rf8 12. Be3 b6 13. b3 Bd7 14. a3 Ne8 15. b4 Nb7 16. Qd2 f5 17. Ng5 f4 18. gxf4 exf4 19. Bxf4 Bxc3 20. Qxc3 Rxf4 21. Ne6 Bxe6 22. dxe6 Qe7 23. e5 Rb8 24. Rab1 dxe5 25. Rbd1 Nbd6 26. c5 bxc5 27. bxc5 Nb5 28. Qxe5 Rf5 29. Qe3 Rxc5 30. Rd7 Qg5 31. e7 Ned6 32. Qe6+ Kg7 33. Rd8 Rxd8 34. exd8Q Qxd8 35. Re1 Qf6 36. Qd7+ Kf8 37. Qxh7 Rc2 38. Qh6+ Qg7 39. Qf4+ Nf5 40. Qe4 Qd4 41. Qxc2 c5 42. Qe4 Nfd6 43. Qxd4 cxd4 44. Be4 1-0

[Event "Madrid-ch Seniors 50"]
[Site "Madrid"]
[Date "2022.03.30"]
[Round "3"]
[White "Mendez Martinez, Miguel Angel"]
[Black "Pastor Alonso de Prado, Emilio Alberto"]
[Result "0-1"]
[WhiteElo "1763"]
[BlackElo "2106"]
[PlyCount "78"]
[EventDate "2022.03.28"]
[EventType "swiss"]
[EventRounds "9"]
[EventCountry "ESP"]
[SourceTitle "EXT 2023"]
[Source "ChessBase"]
[SourceDate "2022.10.05"]
[SourceVersion "1"]
[SourceVersionDate "2022.10.05"]
[SourceQuality "1"]

1. c4 e6 2. Nc3 d5 3. d4 Nf6 4. Bg5 Be7 5. Nf3 0-0 6. e3 h6 7. Bh4 b6 8. Bxf6 Bxf6 9. cxd5 exd5 10. Qb3 Be6 11. Be2 c5 12. 0-0 Nc6 13. Qa4 Qd6 14. Ba6 Nb4 15. Be2 a6 16. dxc5 bxc5 17. Rac1 Qb6 18. Rfd1 Rfd8 19. a3 Nc6 20. Qc2 c4 21. h3 Rab8 22. Na4 Qa5 23. b4 cxb3 24. Qxc6 Bd7 25. Rxd5 Bxc6 26. Rxa5 Bxa4 27. Rxa4 b2 28. Rb1 Rbc8 29. Rc4 Rxc4 30. Bxc4 Rc8 31. Ba2 Rc1+ 32. Ne1 Bc3 33. Kf1 Bxe1 34. Ke2 Bc3 35. Kd3 Kf8 36. f3 Ke7 37. Ke4 Kd6 38. Kd3 Kc5 39. f4 Kb5 0-1

[Event "Madrid-ch Seniors 50"]
[Site "Madrid"]
[Date "2022.03.29"]
[Round "2"]
[White "Mendez Martinez, Miguel Angel"]
[Black "Ramos Antona, Enrique"]
[Result "1-0"]
[WhiteElo "1763"]
[BlackElo "1512"]
[PlyCount "47"]
[EventDate "2022.03.28"]
[EventType "swiss"]
[EventRounds "9"]
[EventCountry "ESP"]
[SourceTitle "EXT 2023"]
[Source "ChessBase"]
[SourceDate "2022.10.05"]
[SourceVersion "1"]
[SourceVersionDate "2022.10.05"]
[SourceQuality "1"]

1. d4 d5 2. c4 c6 3. e3 Nf6 4. Nc3 e6 5. Nf3 Nbd7 6. Bd3 dxc4 7. Bxc4 b5 8. Bd3 Bb7 9. a3 a6 10. 0-0 Bd6 11. e4 e5 12. Bg5 h6 13. Bh4 exd4 14. Nxd4 Ne5 15. Bc2 Ng6 16. Nf5 Nxh4 17. Nxd6+ Ke7 18. Nxb7 Qc7 19. e5 Nd5 20. Nxd5+ cxd5 21. Qxd5 Rhd8 22. Nxd8 Rxd8 23. Qe4 Ng6 24. Qb4+ 1-0

[Event "Madrid San Viator op-A 26th"]
[Site "Madrid"]
[Date "2016.05.08"]
[Round "5"]
[White "Mendez Martinez, Miguel Angel"]
[Black "Sotoca Aguado, Jose"]
[Result "0-1"]
[WhiteElo "1802"]
[BlackElo "1873"]
[PlyCount "89"]
[EventDate "2016.04.03"]
[EventType "swiss"]
[EventRounds "9"]
[EventCountry "ESP"]
[SourceTitle "EXT 2017"]
[Source "ChessBase"]
[SourceDate "2016.10.25"]
[SourceVersion "1"]
[SourceVersionDate "2016.10.25"]
[SourceQuality "1"]

1. c4 Nf6 2. Nc3 e5 3. Nf3 Nc6 4. e4 d6 5. h3 Be7 6. Bd3 0-0 7. 0-0 Nb4 8. Bb1 c5 9. a3 Nc6 10. Nd5 Nxd5 11. exd5 Nd4 12. Nxd4 cxd4 13. f4 f5 14. fxe5 dxe5 15. d3 a5 16. Bc2 f4 17. Bd2 Ra6 18. b4 axb4 19. Bxb4 Bxb4 20. axb4 Rxa1 21. Qxa1 f3 22. Qc1 Qh4 23. Qd2 Qg3 24. Qf2 Qg5 25. Kh2 Rf6 26. Qg3 Qxg3+ 27. Kxg3 fxg2 28. Rg1 Rg6+ 29. Kh2 Rh6 30. Kxg2 Rg6+ 31. Kf2 Rxg1 32. Kxg1 Bxh3 33. c5 Bd7 34. Bb3 Kf8 35. Bc4 Ke7 36. b5 Bc8 37. d6+ Kd8 38. Bd5 Kd7 39. Be4 h5 40. Bg6 h4 41. Kh2 b6 42. Bf5+ Kd8 43. Bxc8 Kxc8 44. c6 e4 45. dxe4 0-1

[Event "Madrid San Viator op-A 26th"]
[Site "Madrid"]
[Date "2016.04.17"]
[Round "3"]
[White "Lopez Ziegler, Carlos"]
[Black "Mendez Martinez, Miguel Angel"]
[Result "0-1"]
[WhiteElo "1953"]
[BlackElo "1802"]
[PlyCount "81"]
[EventDate "2016.04.03"]
[EventType "swiss"]
[EventRounds "9"]
[EventCountry "ESP"]
[SourceTitle "EXT 2017"]
[Source "ChessBase"]
[SourceDate "2016.10.25"]
[SourceVersion "1"]
[SourceVersionDate "2016.10.25"]
[SourceQuality "1"]

1. e4 e6 2. d4 d5 3. Nd2 Nf6 4. e5 Nfd7 5. Bd3 c5 6. c3 Nc6 7. Ne2 Qb6 8. 0-0 cxd4 9. cxd4 Nxd4 10. Nxd4 Qxd4 11. Nf3 Qb6 12. Qa4 Bc5 13. a3 a6 14. Qg4 g6 15. b4 Be7 16. Be3 Qd8 17. Rfc1 h5 18. Qf4 g5 19. Qg3 g4 20. Nd4 Bg5 21. f4 Bh4 22. Bf2 Bxg3 23. hxg3 Nb6 24. a4 Bd7 25. f5 0-0 26. Ne2 d4 27. Nf4 Qg5 28. Bxd4 Nd5 29. Nxd5 exd5 30. Rf1 Rac8 31. Rf4 Rc7 32. Raf1 Rfc8 33. e6 Be8 34. Kh2 Rc1 35. R1f2 h4 36. Be2 hxg3+ 37. Kxg3 R8c3+ 38. Bxc3 Rxc3+ 39. Kh2 g3+ 40. Kg1 gxf2+ 41. Rxf2 0-1